000 00546nam a22001937a 4500
005 20260410134404.0
008 260410b |||||||| |||| 00| 0 eng d
037 _cDSWL
040 _aDSWL
_cDSWL
041 _heng
084 _aS8:7 Q1
100 _aFurr, R Michael
_91234674
245 _aSale construction and psychometrics
260 _aNew Delhi,
_bSage Publication,
_c2011
300 _a153p
365 _aINR
_b2695
942 _2CC
_cTEXL
_hS8:7 Q1
_n0
999 _c1848230
_d1848230